Представление документа в формате MARC21

ПолеНазваниеЗначение
  Тип записи a
  Библиографический уровень m
001 Контрольный номер RU/URAIT/584524
005 Дата корректировки 20260429163647.9
008 Кодируемые данные 260429s2026 RU y f j 000 0 rus u
020 Индекс ISBN __
a ISBN 978-5-534-21210-5
c Цена, тираж 2289.00
040 Источник каталогиз. __
a Служба первич. каталог. ИКО Юрайт
c Служба, преобразующая запись ИКО Юрайт
e Правила каталог. RCR
041 Код языка издания __
a Код языка текста rus
044 Код страны публикации __
a Код страны публикации RU
080 Индекс УДК __
a Индекс УДК 54(075.32)
084 Индекс другой классификации/Индекс ББК __
2 Источник индекса rubbk
a Индекс другой классификации/Индекс ББК 24я723
100 Автор __
a Автор Лебедев Ю. А.
q Полное имя Лебедев Юрий Александрович
245 Заглавие __
a Заглавие Химия
b Продолж. заглавия учебник для спо
c Ответственность Ю. А. Лебедев, Г. Н. Фадеев, А. М. Голубев, В. Н. Шаповал ; под общей редакцией Г. Н. Фадеева.
250 Сведения об издании __
g пер. и доп
a Основные сведения об издании 3-е изд.
256 Характеристики компьютерного файла __
a Характеристики компьютерного файла Электрон. дан.
260 Выходные данные __
a Место издания Москва
b Издательство Юрайт
c Дата издания 2026
300 Физическое описание __
a Объем 445 с
440 Серия __
a Серия Профессиональное образование
500 Примечания __
a Примечание URL: https://urait.ru/bcode/584524 (дата обращения: 29.04.2026).
520 Аннотация __
a Аннотация В курсе отражены основные законы химии, основы теории строения атомов химических элементов и молекул химических веществ, методы описания строении молекул, закономерности изменения свойств химических элементов по периодам и группам периодической системы, основу химической термодинамики и кинетики химических процессов, особенности электрохимических процессов в растворах, причины коррозионных процессов и меры борьбы с коррозией, особенности свойств основных классов органических соединений и возможности их использования в инженерной деятельности.
538 Прим. о системных особенностях __
a Прим. о системных особенностях Режим доступа: Электронно-библиотечная система Юрайт, для авториз. пользователей
653 Ключевые слова __
a Ключевые слова Общая химия
653 Ключевые слова __
a Ключевые слова Естественные науки
653 Ключевые слова __
a Ключевые слова Химия
653 Ключевые слова __
a Ключевые слова Общая химия
653 Ключевые слова __
a Ключевые слова Основы химии
653 Ключевые слова __
a Ключевые слова Химия (основы общей и неорганической, аналитическая)
653 Ключевые слова __
a Ключевые слова Химия общая
653 Ключевые слова __
a Ключевые слова Введение в химию
653 Ключевые слова __
a Ключевые слова Основы общей химии
653 Ключевые слова __
a Ключевые слова Введение в общую химию
653 Ключевые слова __
a Ключевые слова Фундаментальное естествознание. Химия
653 Ключевые слова __
a Ключевые слова Естествознание: Химия
653 Ключевые слова __
a Ключевые слова Корректирующий курс по химии
653 Ключевые слова __
a Ключевые слова Химия (углубленный уровень)
700 Другие авторы __
a Другие авторы Фадеев Г. Н.
q Полное имя Фадеев Герман Николаевич
700 Другие авторы __
a Другие авторы Голубев А. М.
q Полное имя Голубев Александр Михайлович
700 Другие авторы __
a Другие авторы Шаповал В. Н.
q Полное имя Шаповал Валентин Николаевич
856 Электронный адрес документа 40
n Местонахождение сервера Юрайт
g Электронная книга
q Тип электронного формата html
h Имя пользователя ЮРАЙТ
v Часы доступа к ресурсу 20271231
2 Способ доступа Показать документ
x Служебное примечание https://urait.ru/book/cover/99E96B42-ACDD-4B49-802E-8B7D097C2DF8
u URL https://urait.ru/bcode/584524
856 Электронный адрес документа 48
q Тип электронного формата cover
u URL https://urait.ru/book/cover/99E96B42-ACDD-4B49-802E-8B7D097C2DF8
911 __
u 0030=https://urait.ru/bcode/584524
911 __
u 073a=9785534212105
u 073d=2289.00
911 __
u 106a=s
911 __
u 900l=
952 Тип литературы __
i Дисциплина Химия
952 Тип литературы __
i Дисциплина Общая химия
952 Тип литературы __
i Дисциплина Основы химии
952 Тип литературы __
i Дисциплина Химия (основы общей и неорганической, аналитическая)
952 Тип литературы __
i Дисциплина Химия общая
952 Тип литературы __
i Дисциплина Введение в химию
952 Тип литературы __
i Дисциплина Основы общей химии
952 Тип литературы __
i Дисциплина Введение в общую химию
952 Тип литературы __
i Дисциплина Фундаментальное естествознание. Химия
952 Тип литературы __
i Дисциплина Естествознание: Химия
952 Тип литературы __
i Дисциплина Корректирующий курс по химии
952 Тип литературы __
i Дисциплина Химия (углубленный уровень)